| 000 | 01836nam a2200217Ia 4500 | ||
|---|---|---|---|
| 999 |
_c8202 _d8202 |
||
| 005 | 20230603140841.0 | ||
| 008 | 230530s9999 xx 000 0 und d | ||
| 020 | _a9684327838 | ||
| 040 |
_aUPAN _cBiblioteca San Vicente _eRCAA2 |
||
| 041 | _aspa | ||
| 082 |
_a346.07 _bV335c |
||
| 100 |
_aVásquez del Mercado Óscar _4aut. |
||
| 245 | 0 |
_aContratos Mercantiles/ _cOscar Vásquez del Mercado |
|
| 250 | _a5ª ed | ||
| 260 |
_aMéxico: _bPorrúa, _c1994 |
||
| 300 |
_a587 p.; _c23 cm. |
||
| 505 | _aCapitulo I: Historia del derecho mercantil Capitulo II: La materia mercantil y el concepto de derecho mercantil Capitulo III: Fuentes del derecho mercantil Capitulo IV: Acto de comercio Capitulo V: Sujetos de derecho mercantil Capitulo VI: Obligaciones de los comerciantes Capitulo VII: Auxiliares mercantiles Capitulo VIII: Empresa Capitulo IX: Obligaciones y contratos mercantiles Capitulo X: Contrato de comisión Capitulo XII: Contrato de préstamo Capitulo XIII: Compraventa Capitulo XIV: Contrato de suministro y contrato estimatorio Capitulo XV: Contrato de transporte Capitulo XVI: Contrato de seguro Capitulo XVII: Contrato de fianza Capitulo XVIII: Contrato de edición Capitulo XIX: Reporto Capitulo XX: Contrato bancario de deposito Capitulo XXI: Descuento de créditos en libros Capitulo XXII: Contrato de cuenta corriente Capitulo XXIII: Carta de crédito Capitulo XXIV: contrato de crédito confirmado Capitulo XXV: Créditos de habilitación o avío y refaccionarios Capitulo XXVI: Contrato de prenda Capitulo XXVII: Contrato de fideicomiso Capitulo XXVIII: Contrato de arrendamiento financiero Capitulo XXIX: Contratos bursátiles Capitulo XXX: Contrato de asociaciones en participación. | ||
| 650 |
_2LEMB _xDerecho comercial |
||
| 650 |
_2LEMB _xContratos comerciales |
||
| 942 |
_cBK _2ddc |
||